| 000 | 00464nam a2200145 a 4500 | ||
|---|---|---|---|
| 001 | 000033383 | ||
| 005 | 20200930070224.0 | ||
| 008 | 110825s1939 dr 000 0 spa d | ||
| 040 |
_aDO-SdBNP _bspa _cBNPHU |
||
| 082 |
_axxx _bC124v |
||
| 100 | 1 |
_aCadilla, Carmen Alicia _958905 |
|
| 245 | 1 | 0 |
_aVoz de las islas intimas : _b(Poemas de viaje) / _cCarmen Alicia Cadilla. |
| 260 |
_aCiudad Trujillo, República Dominicana : _bMontalvo, _c1939. |
||
| 300 |
_a34 p. ; _c21 cm. |
||
| 999 |
_c32874 _d32874 |
||